[Event "PNWCC Online blitz JP 2nd"]
[Site "Chess.com INT"]
[Date "2020.03.21"]
[Round "7"]
[White "Min, Ryan"]
[Black "Wang, Shawn"]
[Result "0-1"]
[WhiteElo "1659"]
[BlackElo "1869"]
[PlyCount "60"]
[EventDate "2020.03.21"]
[EventType "swiss (blitz)"]
[EventRounds "11"]
[EventCountry "USA"]
[SourceTitle "CBM 195 Extra"]
[Source "ChessBase"]
[SourceDate "2020.05.31"]
[SourceVersion "1"]
[SourceVersionDate "2020.05.31"]
[SourceQuality "1"]

1. d4 e6 2. c4 Nf6 3. Nc3 Bb4 4. e3 0-0 5. Bd3 Re8 6. Nge2 d5 7. cxd5 exd5 8. a3 Bf8 9. 0-0 Nbd7 10. Ng3 g6 11. f3 Bg7 12. e4 dxe4 13. fxe4 Nb6 14. Bc2 Bg4 15. Qd3 c6 16. Bg5 h6 17. Bxf6 Bxf6 18. e5 Bg7 19. Nge4 Bf5 20. Qe3 Nd5 21. Nxd5 cxd5 22. Nf6+ Bxf6 23. Bxf5 Bg5 24. Qf3 gxf5 25. Qxf5 Qe7 26. g3 Qe6 27. Qf3 Rac8 28. Qh5 Rc2 29. h4 Be3+ 30. Kh1 Qh3# 0-1

[Event "PNWCC Online blitz JP 2nd"]
[Site "Chess.com INT"]
[Date "2020.03.21"]
[Round "8"]
[White "Wang, Shawn"]
[Black "Park, Evan"]
[Result "0-1"]
[WhiteElo "1869"]
[BlackElo "2146"]
[PlyCount "38"]
[EventDate "2020.03.21"]
[EventType "swiss (blitz)"]
[EventRounds "11"]
[EventCountry "USA"]
[SourceTitle "CBM 195 Extra"]
[Source "ChessBase"]
[SourceDate "2020.05.31"]
[SourceVersion "1"]
[SourceVersionDate "2020.05.31"]
[SourceQuality "1"]

1. e4 g6 2. d4 Bg7 3. Nf3 d6 4. Nc3 a6 5. Bc4 b5 6. Bb3 Bb7 7. Qd3 Nd7 8. a4 b4 9. Ne2 c5 10. Be3 Ngf6 11. Rd1 Bxe4 12. Qd2 0-0 13. dxc5 Nxc5 14. Bxc5 dxc5 15. Qe3 Qc7 16. 0-0 c4 17. Ba2 Bxc2 18. Rc1 b3 19. Bb1 Nd5 0-1